000 00370nam a2200145Ia 4500
008 220120s9999||||xx |||||||||||||| ||und||
020 _a9780071077866
082 _a621.815 BHA
100 _aBhandari V.B
245 0 _aDesign of Machine Elements
250 _a3
260 _aTata mc graw hill ltd.
_bNew Delhi
_c2010
300 _axxi;902
_b525
650 _aMECHANICAL
999 _c132592
_d132592